[Event "Ch DDR (corr.)"]
[Site "masterchessopen.com - DDR"]
[Round "0"]
[White "Hesselbarth Karlheinz (GER)"]
[Black "Brauer Christian (GER)"]
[Result "1-0"]
[WhiteElo "1808"]
[BlackElo "2115"]

1.d4 Nf6 2.c4 c5 3.d5 e6 4.Nc3 exd5 5.cxd5 d6 6.e4 g6 7.Nf3 Bg7 8.Be2 O-O
9.O-O Re8 10.Nd2 Nbd7 11.a4 Ne5 12.Qc2 Nh5 13.Bxh5 gxh5 14.Nd1 Qh4 15.Ne3 Ng4
16.Nxg4 hxg4 17.Nc4 Qe7 18.Bd2 Bd7 19.Rfe1 Rab8 20.Bc3 Be5 21.Bxe5 dxe5 22.Ra3
Kh8 23.f4 exf4 24.e5 Kg8 25.Nd6 Qxd6 26.exd6 Rxe1+ 27.Kf2 Rbe8 28.Rc3 Bxa4
29.Qd2 R1e3 30.Rxc5 g3+ 31.hxg3 fxg3+ 32.Kf1 b6 33.Rc8 Re5 34.Qc3 Bb5+ 35.Kg1
Rxd5 36.Rxe8+ Bxe8 37.Qxg3+ Kf8 38.Qf4 Bb5 39.Qf6 Kg8 40.g4 h6 41.Qxh6 Bd7
42.Qf4 Be6 43.g5 a5 44.Kh2 b5 45.Kg3 Rd3+ 46.Kf2 Rd5 47.Ke2 a4 48.Ke3 Rd1
49.Kf2 Rd5 50.Ke2 Bd7 51.Qf6 Be6 52.Qe7 Kh7 53.Ke3 Rd1 54.Qf8 Bc4 55.Qh6+ Kg8
56.g6 fxg6 57.Qxg6+ Kf8 58.Qh6+ Kg8 59.Qg5+ Kf8 60.Qe7+ Kg8 61.Qe8+ Kg7 62.d7
Bf7 63.Qe5+ Kf8 64.Qc5+ {#r} 1-0

[Event "It"]
[Site "masterchessopen.com - Eksjo (Sweden)"]
[Round "6"]
[White "Trincardi Tullio (ITA)"]
[Black "Danner Georg (AUT)"]
[Result "0-1"]
[WhiteElo "2235"]
[BlackElo "2408"]

1.d4 c5 2.d5 Nf6 3.c4 e6 4.Nc3 exd5 5.cxd5 d6 6.Nf3 g6 7.e4 Bg7 8.Be2 O-O
9.O-O Re8 10.Nd2 Nbd7 11.a4 Ne5 12.Qc2 g5 13.Nc4 Nxc4 14.Bxc4 Nh5 15.Ra3 Be5
16.Ne2 Nf4 17.Ng3 Qf6 18.Nf5 Bxf5 19.exf5 Kh8 20.Kh1 Re7 21.g3 Nh5 22.f4 gxf4
23.g4 Ng7 24.Qg2 h6 25.Rh3 Kg8 26.Bd2 Ne8 27.b3 a6 28.Be1 Qg7 29.Rhf3 Nf6
30.Bh4 Ree8 31.g5 hxg5 32.Bxg5 Ne4 33.Bxf4 Qxg2+ 34.Kxg2 Bxf4 35.Rxf4 Nf6
36.R1f3 Re5 37.Kg1 Kg7 38.Rh4 Rg8 39.Rg3+ Kf8 40.Rf4 Rxg3+ 41.hxg3 Nh5 42.Rf3
Ke7 43.Kf2 Kf6 44.g4 Ng7 45.Rh3 Kg5 46.Kg3 Ne8 47.a5 Nf6 48.Kf3 Nxg4 49.Rh7
Re7 50.Rh8 Ne5+ 51.Kg3 Nxc4 52.bxc4 Kxf5 {#R} 0-1

[Event "Ch URS (1 liga)"]
[Site "masterchessopen.com - Frunze (Kyrgyzstan)"]
[Round "7"]
[White "Anikaev Yuri N (RUS)"]
[Black "Grigorian Karen (RUS)"]
[Result "1-0"]
[WhiteElo "2455"]
[BlackElo "2480"]

1.d4 Nf6 2.c4 e6 3.Nf3 c5 4.d5 exd5 5.cxd5 g6 6.Nc3 Bg7 7.e4 O-O 8.Be2 d6
9.Nd2 Re8 10.O-O Nbd7 11.a4 Ne5 12.Ra3 g5 13.Re1 a6 14.a5 Ng6 15.Bf1 Ng4
16.Be2 N4e5 17.Qc2 Rf8 18.Bf1 f5 19.exf5 Bxf5 20.Nde4 Ng4 21.Qd1 h6 22.h3 N4e5
23.Ng3 Qd7 24.Nce4 Ne7 25.f4 gxf4 26.Bxf4 N7g6 27.Bd2 Rf7 28.Nxf5 Rxf5 29.Ng3
Rf7 30.Nh5 Qf5 31.Rg3 c4 32.Be2 Raf8 33.Be3 Nd3 34.Bxd3 cxd3 35.Nxg7 Kxg7
36.Bd4+ Kh7 37.Qxd3 Qxd3 38.Rxd3 Nf4 39.Rd2 Rg8 40.Kh2 Nxd5 41.Re6 Rg6 42.Re8
Rg5 43.Rd8 Nf4 44.Rf2 Rg8 45.Rxd6 Rgf8 46.g3 Nh5 47.Rxf7+ Rxf7 48.Kg2 Ng7
49.g4 Re7 50.Bxg7 Kxg7 51.b4 Rf7 52.Kg3 Kh7 53.Rb6 Kg7 54.Re6 Kh7 55.Rd6 Kg7
56.Rb6 Kh7 57.h4 Kg7 58.Rd6 Kh7 59.Re6 Kg7 60.Rb6 Kh7 61.h5 Kg7 62.g5 hxg5
63.Kg4 Rd7 64.h6+ Kf7 65.Kxg5 Re7 66.Rf6+ Kg8 67.Kf5 {#r} 1-0

[Event "Ch OWL"]
[Site "masterchessopen.com - Horn (Germany)"]
[Round "11"]
[White "Groenegres Wilfried (GER)"]
[Black "Berkemeier Juergen (GER)"]
[Result "1-0"]
[WhiteElo "2134"]
[BlackElo "1947"]

1.d4 Nf6 2.c4 c5 3.Nf3 e6 4.d5 exd5 5.cxd5 d6 6.Nc3 g6 7.e4 Bg7 8.Be2 O-O
9.O-O Re8 10.Nd2 b6 11.a4 Ba6 12.Bb5 Bxb5 13.axb5 Nbd7 14.f4 Re7 15.Qf3 Ne8
16.Nc4 Bd4+ 17.Kh1 Ndf6 18.e5 dxe5 19.fxe5 Bxe5 20.Bg5 Bd4 21.d6 Rd7 22.Nd5
Kg7 23.Rae1 Nxd6 24.Nxf6 {#r} 1-0

[Event "It (open)"]
[Site "masterchessopen.com - London (England)"]
[Round "4"]
[White "Friedgood David (ENG)"]
[Black "Povah Nigel E (ENG)"]
[Result "0-1"]
[WhiteElo "2215"]
[BlackElo "2302"]

1.d4 Nf6 2.c4 c5 3.d5 e6 4.Nc3 exd5 5.cxd5 d6 6.e4 g6 7.Nf3 Bg7 8.Be2 O-O
9.O-O Re8 10.Nd2 Nbd7 11.Qc2 Ne5 12.a4 g5 13.Re1 g4 14.Nf1 Nh5 15.Ng3 Nxg3
16.hxg3 h5 17.Bf4 Ng6 18.Bb5 Rf8 19.Qd2 Nxf4 20.gxf4 a6 21.Bd3 g3 22.e5 Re8
23.Ne4 gxf2+ 24.Qxf2 dxe5 25.f5 Qxd5 26.Qf3 Qd4+ 27.Kh1 c4 28.Rad1 cxd3
29.Rxd3 Qxd3 30.Qxd3 Bxf5 31.Nf6+ Bxf6 32.Qxf5 Kg7 33.Re3 h4 34.Re4 Re6
35.Rg4+ Kf8 36.Rc4 Rae8 37.Rc7 e4 38.Qc5+ Kg7 39.Qe3 b6 40.Rb7 Rd8 41.Qe2 Be5
42.Qg4+ Rg6 43.Qe2 Rgd6 44.Qg4+ Kf8 45.Rxf7+ Kxf7 46.Qf5+ Bf6 {#R} 0-1

[Event "It (open)"]
[Site "masterchessopen.com - London (England)"]
[Round "6"]
[White "Friedgood David (ENG)"]
[Black "Sowray Peter J (ENG)"]
[Result "1-0"]
[WhiteElo "2215"]
[BlackElo "2353"]

1.d4 Nf6 2.c4 e6 3.Nf3 c5 4.d5 exd5 5.cxd5 d6 6.Nc3 g6 7.e4 Bg7 8.Be2 O-O
9.O-O Re8 10.Nd2 a6 11.a4 Nbd7 12.Qc2 Qe7 13.Re1 Ne5 14.Nf1 Nh5 15.Bxh5 gxh5
16.Ne3 Qh4 17.Ne2 Ng4 18.Nxg4 hxg4 19.Bf4 Qf6 20.Rab1 b5 21.Bd2 Qe5 22.Ng3 b4
23.Qc1 Ra7 24.Bf4 Qf6 25.e5 dxe5 26.Qxc5 Rb7 27.Bxe5 Qb6 28.Qxb6 Rxb6 29.Bc7
{#r} 1-0

[Event "It (open)"]
[Site "masterchessopen.com - Lone Pine (USA)"]
[Round "0"]
[White "Pachman Ludek (GER)"]
[Black "Blocker Calvin (USA)"]
[Result "1-0"]
[WhiteElo "2510"]
[BlackElo "2495"]

1.d4 Nf6 2.c4 e6 3.Nf3 c5 4.d5 exd5 5.cxd5 d6 6.Nc3 g6 7.e4 Bg7 8.Be2 O-O
9.O-O Re8 10.Nd2 b6 11.Re1 Re7 12.f4 Na6 13.Rb1 h5 14.h3 Rb8 15.a3 Ne8 16.Bd3
Nac7 17.Nf3 b5 18.Bd2 c4 19.Bc2 a5 20.b4 cxb3 21.Rxb3 Bd7 22.Rb1 Na6 23.e5 Qc8
24.Ne4 Bf5 25.Nd4 Bd7 26.Bxa5 dxe5 27.fxe5 Bxe5 28.Nf3 Bf5 29.Nxe5 Rxe5 30.Rc1
Bxe4 31.Bxe4 Qd7 32.Bc3 Re7 33.Kh1 Rc8 34.Qd4 Rxc3 35.Qxc3 Nd6 36.Bd3 Rxe1+
37.Rxe1 Nc7 38.Qc5 Kg7 39.Qd4+ Kg8 40.Qe5 Nde8 {#r} 1-0

[Event "It"]
[Site "masterchessopen.com - Reggio Emilia (Italy)"]
[Round "0"]
[White "Portisch Ferenc (HUN)"]
[Black "Danner Georg (AUT)"]
[Result "1-0"]
[WhiteElo "2475"]
[BlackElo "2408"]

1.d4 Nf6 2.c4 c5 3.d5 e6 4.Nc3 exd5 5.cxd5 d6 6.Nf3 g6 7.e4 Bg7 8.Be2 O-O
9.O-O Re8 10.Nd2 Nbd7 11.Qc2 Ne5 12.a4 g5 13.Nc4 Nxc4 14.Bxc4 Nh5 15.Ra3 Be5
16.Ne2 Qf6 17.Kh1 Nf4 18.g3 Nxe2 19.Bxe2 Bd4 20.f4 gxf4 21.Rxf4 Qg6 22.Rh4 Re5
23.Bf3 f5 24.Rh6 Qf7 25.Bf4 Rxe4 26.Ra1 Bd7 27.Rxd6 Rae8 28.Qd2 b5 29.axb5
Bxb5 30.Bh6 Bc4 31.Qg5+ Kh8 32.Kg2 Be2 33.Bxe2 Rxe2+ 34.Kh3 Rg8 35.Rd8 Rxd8
36.Qxd8+ Re8 37.Rxa7 Qh5+ 38.Qh4 Qe2 39.Qf4 c4 40.Qxd4+ {#r} 1-0

[Event "?"]
[Site "masterchessopen.com - Vilnius (Lithuania)"]
[Round "0"]
[White "Rumiancev Boris (LTU)"]
[Black "Piesina Gintautas (LTU)"]
[Result "1-0"]
[WhiteElo "2157"]
[BlackElo "2325"]

1.d4 Nf6 2.c4 c5 3.d5 e6 4.Nc3 exd5 5.cxd5 d6 6.e4 g6 7.Nf3 Bg7 8.Be2 O-O
9.O-O Re8 10.Nd2 Nbd7 11.h3 g5 12.Nc4 Nxe4 13.Nxe4 Rxe4 14.Bd3 Rh4 15.Nxd6 Ne5
16.Nf5 Bxf5 17.Bxf5 Qf6 18.Qc2 g4 19.hxg4 Nxg4 20.Bf4 Ne5 21.Bg3 Rh5 22.Bh3
Nf3+ 23.gxf3 Rxh3 24.Kg2 Rh5 25.Rh1 Rf5 26.Qe4 Qg5 27.Rh4 h5 28.d6 Rd8 29.Rd1
Bd4 30.Rdh1 Qg6 31.d7 Kg7 32.Qe8 Bf6 33.Rg4 hxg4 34.Rh8 gxf3+ 35.Kg1 Re5
36.Rg8+ Kh7 37.Rxg6 Rdxe8 38.dxe8=Q Rxe8 39.Rxf6 {#r} 1-0

[Event "Ch Greece (juniors)"]
[Site "masterchessopen.com - Greece"]
[Round "7"]
[White "Alexopoulos Georgios (GRE)"]
[Black "Lazaridis Stavros (GRE)"]
[Result "1-0"]
[WhiteElo "2249"]
[BlackElo "2061"]

1.d4 Nf6 2.c4 c5 3.d5 e6 4.Nc3 exd5 5.cxd5 d6 6.e4 g6 7.Nf3 Bg7 8.Be2 O-O
9.O-O Re8 10.Nd2 a6 11.a4 Nbd7 12.f3 Ne5 13.f4 Ned7 14.Bf3 Rb8 15.Nc4 Qc7
16.a5 b5 17.axb6 Nxb6 18.Na5 Bd7 19.Nc6 Bxc6 20.dxc6 Nc4 21.Qe2 Na5 22.Qxa6
Nxc6 23.e5 Rb6 24.exd6 Rxa6 25.dxc7 Rxa1 26.Bxc6 Rc8 27.Nb5 Ra7 28.Nxa7 Rxc7
29.Be3 Rxa7 30.Bxc5 Rc7 31.Ra1 h5 32.Ra6 Ne4 33.Be3 Nd6 34.b4 Nf5 35.Bc5 Bd4+
36.Bxd4 Nxd4 37.b5 Nxc6 38.Rxc6 Rb7 39.Rc5 Kf8 40.Re5 f6 41.Rc5 Ke7 42.Kf2 Kd6
43.Rc6+ {#r} 1-0

[Event "It (juniors) (under 20)"]
[Site "masterchessopen.com - Bydgoszcz (Poland)"]
[Round "0"]
[White "Panczyk Krzysztof (POL)"]
[Black "Orgovan Sandor (HUN)"]
[Result "1-0"]
[WhiteElo "2352"]
[BlackElo "2225"]

1.d4 Nf6 2.Nf3 c5 3.d5 e6 4.c4 exd5 5.cxd5 g6 6.Nc3 Bg7 7.e4 O-O 8.Nd2 Re8
9.Be2 d6 10.O-O Nbd7 11.Qc2 Ne5 12.b3 Nh5 13.Bxh5 gxh5 14.Bb2 Bd7 15.Rae1 Qh4
16.Nd1 Bb5 17.Nc4 f5 18.f4 Ng4 19.h3 Bxb2 20.Qxb2 Bxc4 21.bxc4 Rxe4 22.Rxe4
fxe4 23.hxg4 hxg4 24.g3 Qxg3+ 25.Qg2 Qh4 26.Ne3 Qf6 27.Nxg4 Qd4+ 28.Kh1 Kh8
29.Nh6 Qf6 30.Qg5 Rf8 31.Rg1 Qg6 32.f5 {#r} 1-0

[Event "Ch Germany (team)"]
[Site "masterchessopen.com - Germany"]
[Round "0"]
[White "Goehring Karl-Heinz (GER)"]
[Black "Holm Sejer (DEN)"]
[Result "1-0"]
[WhiteElo "2335"]
[BlackElo "2395"]

1.d4 Nf6 2.c4 c5 3.d5 e6 4.Nc3 exd5 5.cxd5 d6 6.e4 g6 7.Nf3 Bg7 8.Be2 O-O
9.O-O Re8 10.Nd2 Nbd7 11.a4 Ne5 12.Qc2 g5 13.Nc4 Nxc4 14.Bxc4 Ng4 15.Ne2 Ne5
16.Bb5 Rf8 17.Ng3 g4 18.Bf4 Ng6 19.Bd2 a6 20.Be2 Re8 21.f4 gxf3 22.Bxf3 Bd4+
23.Kh1 Qh4 24.Qc1 Re5 25.Bc3 Bxc3 26.Qxc3 Bd7 27.b4 Rc8 28.bxc5 Rxc5 29.Qb3
Bc8 30.Rac1 Qd8 31.Rxc5 dxc5 32.Be2 Qa5 33.Qe3 f5 34.Qh6 Qd8 35.exf5 Qh4
36.Nh5 {#r} 1-0

[Event "Ch Netherlands (team)"]
[Site "masterchessopen.com - Netherlands"]
[Round "0"]
[White "Douven Rudy C (NED)"]
[Black "Cardon Helmut (NED)"]
[Result "0-1"]
[WhiteElo "2389"]
[BlackElo "2379"]

1.d4 Nf6 2.c4 c5 3.d5 e6 4.Nc3 exd5 5.cxd5 d6 6.Nf3 g6 7.e4 Bg7 8.Be2 O-O
9.O-O Re8 10.Nd2 Nbd7 11.a4 Ne5 12.Qc2 Nh5 13.Bxh5 gxh5 14.Nd1 b6 15.Ra3 Ba6
16.Rh3 Bxf1 17.Nxf1 h4 18.Nde3 Bf6 19.Nf5 b5 20.Qe2 Ng6 21.Qg4 bxa4 22.g3 h5
23.Qe2 Qd7 24.Qf3 Rab8 25.gxh4 a3 {#R} 0-1

[Event "Ch Argentina"]
[Site "masterchessopen.com - Quilmes (Argentina)"]
[Round "11"]
[White "Bass Alfredo (ARG)"]
[Black "Paglilla Carlos (ARG)"]
[Result "1-0"]
[WhiteElo "2215"]
[BlackElo "2300"]

1.d4 Nf6 2.c4 c5 3.d5 e6 4.Nc3 exd5 5.cxd5 d6 6.e4 g6 7.Nf3 Bg7 8.Be2 O-O
9.O-O Re8 10.Nd2 a6 11.a4 Nbd7 12.Kh1 Ne5 13.f3 g5 14.Nc4 Nh5 15.g3 Bh3 16.Re1
Qf6 17.Nxe5 Rxe5 18.f4 gxf4 19.Bxh5 fxg3 20.hxg3 Bh6 21.Qf3 Bf5 22.Bxh6 {#r}
1-0

[Event "It"]
[Site "masterchessopen.com - Sarajevo (Bosnia & Herzegovina)"]
[Round "0"]
[White "Kelecevic Nedeljko (SUI)"]
[Black "Bistric Faruk (BIH)"]
[Result "1-0"]
[WhiteElo "2229"]
[BlackElo "2364"]

1.d4 Nf6 2.c4 e6 3.Nf3 c5 4.d5 exd5 5.cxd5 g6 6.Nc3 d6 7.e4 Bg7 8.Be2 O-O
9.Nd2 Re8 10.O-O Nbd7 11.f4 c4 12.Kh1 Nc5 13.e5 dxe5 14.fxe5 Rxe5 15.Nxc4 Rf5
16.Bf3 b6 17.Ne3 Re5 18.b4 Nce4 19.Nxe4 Nxe4 20.Bb2 Re8 21.Bxg7 Kxg7 22.d6 f5
23.Rc1 Bd7 24.Rc7 Re6 25.Bxe4 Rxe4 26.Nd5 Re6 27.Nf4 Re4 28.Qd5 Kh6 29.Rxd7
Rxf4 30.Rxf4 Rc8 31.Qd2 Qxd7 32.Rc4+ g5 33.Rxc8 Qxc8 34.d7 Qd8 35.h4 f4
36.Qd6+ {#r} 1-0

[Event "Ch Europe (team)"]
[Site "masterchessopen.com - Scara (Sweden)"]
[Round "0"]
[White "Polugaevsky Lev A (RUS)"]
[Black "Nunn John D M (ENG)"]
[Result "0-1"]
[WhiteElo "2635"]
[BlackElo "2515"]

1.d4 Nf6 2.Nf3 c5 3.d5 e6 4.c4 exd5 5.cxd5 d6 6.Nc3 g6 7.e4 Bg7 8.Be2 O-O
9.O-O Re8 10.Nd2 Nbd7 11.Qc2 Ne5 12.b3 Nh5 13.Bxh5 gxh5 14.Bb2 Bd7 15.Rae1 Qh4
16.f4 ( 16.Nd1 Qf4 17.g3 Qxd2 { ! ??+ } ) 16...Ng4 17.Nf3 Bd4+ 18.Kh1 Nf2+
19.Rxf2 Qxf2 20.Qc1 ( 20.Qb1 Bf5 { ! } 21.exf5 Rxe1+ 22.Qxe1 Qxb2 { ??+ } )
20...Bh3 { ! } ( 20...Bf5 21.e5 ) 21.Rg1 Kf8 22.Nxd4 cxd4 23.f5 ( 23.Nd1 Bxg2+
24.Rxg2 Qf1+ 25.Rg1 Qf3+ 26.Rg2 Rxe4 27.Nf2 Re2 28.Bxd4 Rae8 { ??+ } )
23...dxc3 24.Qxc3 Rxe4 25.gxh3 Ke8 { ! } 26.Qd3 Re1 27.Rxe1+ Qxe1+ 28.Kg2 Rc8
29.f6 Kd7 30.Qxh7 Qd2+ 31.Kg3 Qxd5 32.Kh4 Re8 {#R} 0-1

[Event "Memorial Parcetic"]
[Site "masterchessopen.com - Sombor (Yugoslavia)"]
[Round "2"]
[White "Begovac Franja (CRO)"]
[Black "Nogueiras Jesus (CUB)"]
[Result "0-1"]
[WhiteElo "2379"]
[BlackElo "2526"]

1.d4 e6 2.c4 Nf6 3.Nf3 c5 4.d5 exd5 5.cxd5 g6 6.Nc3 Bg7 7.e4 O-O 8.Be2 d6
9.O-O Re8 10.Nd2 Nbd7 11.a4 a6 12.Ra3 Qc7 13.Kh1 Rb8 14.a5 b5 15.axb6 Rxb6
16.Qc2 h5 17.Nc4 Rb4 18.Bf4 Bf8 19.f3 Nb6 20.b3 Nfd7 21.Na5 Bg7 22.Nc6 Bxc3
23.Qxc3 Nxd5 24.exd5 Rxf4 25.Qd2 Rf5 26.Bxa6 Bxa6 27.Rxa6 Nf6 28.Re1 Rxe1+
29.Qxe1 Rxd5 30.h4 Kg7 31.Qe2 Qd7 32.b4 cxb4 33.Nxb4 Rd4 34.Qe1 Qb5 35.Nc2 Rc4
36.Ra2 Qb3 {#R} 0-1

[Event "Ch Austria"]
[Site "masterchessopen.com - Austria"]
[Round "7"]
[White "Zoebisch Herbert (AUT)"]
[Black "Baumgartner Heinz (AUT)"]
[Result "0-1"]
[WhiteElo "2149"]
[BlackElo "2295"]

1.d4 Nf6 2.c4 c5 3.d5 e6 4.Nc3 exd5 5.cxd5 d6 6.e4 g6 7.Nf3 Bg7 8.Be2 O-O
9.O-O Re8 10.Nd2 a6 11.a4 Nbd7 12.Ra3 Rb8 13.Re1 Ne5 14.h3 g5 15.Qc2 g4
16.hxg4 Nfxg4 17.Nf3 b5 18.axb5 axb5 19.Nd1 b4 20.Ra1 Nxf3+ 21.Bxf3 Qh4
22.Bxg4 Bxg4 23.Ne3 Re5 24.Nxg4 Rh5 25.Kf1 Qxg4 {#R} 0-1

[Event "Zt (cat.6)"]
[Site "masterchessopen.com - Budva (Yugoslavia)"]
[Round "0"]
[White "Toth Bela (ITA)"]
[Black "Velimirovic Dragoljub (SRB)"]
[Result "0-1"]
[WhiteElo "2400"]
[BlackElo "2520"]

1.d4 Nf6 2.c4 c5 3.d5 g6 4.Nc3 Bg7 5.e4 O-O 6.Nf3 d6 7.Be2 e6 8.O-O exd5
9.cxd5 Re8 10.Nd2 Nbd7 11.f4 c4 12.Bxc4 Nc5 13.e5 dxe5 14.fxe5 Rxe5 15.Nf3 Re8
16.Kh1 a6 17.a4 Nce4 18.Nxe4 Nxe4 19.Qb3 Nd6 20.Bd3 Bg4 21.Bf4 Bxf3 22.Rxf3
Be5 23.Raf1 Bxf4 24.Rxf4 Re3 25.Qc3 Qg5 26.Qd4 Rae8 27.Rf6 Rd8 28.Qb6 Rd7
29.Rxd6 Rxd6 30.Qxd6 Rxd3 31.Qb8+ Kg7 32.Qxb7 Qf4 33.Kg1 Qd4+ 34.Kh1 Qf2
35.Rg1 a5 36.h3 Qf5 37.Re1 Rxd5 38.Qc7 Qf6 39.Qc2 Rf5 40.b3 Rf1+ 41.Rxf1 Qxf1+
42.Kh2 Qf4+ 43.Kg1 Qd4+ 44.Kf1 h5 45.Ke2 h4 46.Qd3 Qb2+ 47.Qd2 Qe5+ 48.Qe3 Kf6
49.b4 {#R} 0-1

[Event "It (open)"]
[Site "masterchessopen.com - Lone Pine (USA)"]
[Round "0"]
[White "Alburt Lev O (USA)"]
[Black "Ree Hans (NED)"]
[Result "1-0"]
[WhiteElo "2580"]
[BlackElo "2510"]

1.d4 Nf6 2.c4 c5 3.d5 e6 4.Nc3 exd5 5.cxd5 d6 6.e4 g6 7.Be2 Bg7 8.Nf3 O-O
9.O-O Re8 10.Nd2 Nbd7 11.a4 Ne5 12.Re1 a6 13.Nf1 Rb8 14.f4 Neg4 15.h3 Nh6
16.Bf3 Nd7 17.g4 Qh4 18.Be3 Bd4 19.g5 Qxf4 20.gxh6 Ne5 21.Bg2 Qh4 22.Bxd4 cxd4
23.Qxd4 Bxh3 24.Qe3 Bd7 25.Nh2 Nc4 26.Qd4 Ne5 27.Qd2 Nc4 28.Nf3 Qh5 29.Qg5
Qxg5 30.Nxg5 Ne5 31.Rf1 {#r} 1-0

[Event "It (open)"]
[Site "masterchessopen.com - Lone Pine (USA)"]
[Round "0"]
[White "Henley Ron W (USA)"]
[Black "Gruenfeld Yehuda (ISR)"]
[Result "1-0"]
[WhiteElo "2440"]
[BlackElo "2515"]

1.d4 Nf6 2.c4 e6 3.Nf3 c5 4.d5 exd5 5.cxd5 d6 6.Nc3 g6 7.e4 Bg7 8.Be2 O-O
9.O-O Re8 10.Nd2 Nbd7 11.a4 Ne5 12.h3 g5 13.Nf3 Nxf3+ 14.Bxf3 Nd7 15.Bg4 Ne5
16.Bxc8 Rxc8 17.Qh5 Nd3 18.Bxg5 Qd7 19.Bh6 Bf6 20.Qf3 {#r} 1-0

[Event "Ch Great Britain"]
[Site "masterchessopen.com - Morecambe (England)"]
[Round "8"]
[White "Wells Peter K (ENG)"]
[Black "Nokes Roger I (NZL)"]
[Result "1-0"]
[WhiteElo "2497"]
[BlackElo "2305"]

1.d4 Nf6 2.c4 c5 3.d5 e6 4.Nc3 exd5 5.cxd5 d6 6.e4 g6 7.Nf3 Bg7 8.Be2 O-O
9.Nd2 Re8 10.O-O a6 11.a4 Nbd7 12.Ra3 Ne5 13.Qc2 b6 14.f4 Neg4 15.Nc4 Nh5
16.Bxg4 Bxg4 17.e5 dxe5 18.Ne3 exf4 19.Nxg4 Bd4+ 20.Nf2 Ng3 21.Bxf4 Nxf1
22.Kxf1 Bxc3 23.Rxc3 Qxd5 24.Ng4 Qe6 25.Nh6+ Kf8 26.Re3 Qf6 27.Rf3 Ra7 28.Ng4
Qc6 29.Bh6+ Ke7 30.Bg5+ Kf8 31.Qc3 f6 32.Rxf6+ Rf7 33.Bh6+ Kg8 34.Rxf7 Kxf7
35.Qg7+ Ke6 36.Qe5+ Kf7 37.Qg7+ Ke6 38.Qf6+ Kd5 39.Qf7+ Kd4 40.Bg7+ {#r} 1-0

[Event "?"]
[Site "masterchessopen.com - New York (USA)"]
[Round "0"]
[White "Antunac Goran (CRO)"]
[Black "Gruenfeld Yehuda (ISR)"]
[Result "0-1"]
[WhiteElo "2435"]
[BlackElo "2515"]

1.d4 Nf6 2.c4 e6 3.Nf3 c5 4.d5 exd5 5.cxd5 d6 6.Nc3 g6 7.e4 Bg7 8.Be2 O-O
9.O-O Re8 10.Nd2 Nbd7 11.a4 Ne5 12.Qc2 g5 13.Ra3 g4 14.Nd1 Nh5 15.Ne3 Nf4
16.Bd1 b6 17.Ndc4 Nxc4 18.Nxc4 Ng6 19.Ne3 Qe7 20.Nf5 Qxe4 21.Re3 Bxf5 22.Rxe4
Bxe4 23.Qb3 c4 24.Qb4 Bd3 25.Bxg4 Ne5 26.Rd1 Nxg4 27.h3 Ne5 28.Be3 Ng6 29.b3
Bc2 30.bxc4 Bxd1 31.Qxd6 Bxa4 32.g3 Rac8 33.Qb4 Bd7 34.h4 Ne5 35.c5 bxc5
36.Qa5 {#R} 0-1

[Event "Ch NRW"]
[Site "masterchessopen.com - Niederdreisbach (Germany)"]
[Round "0"]
[White "Gruen Peter (GER)"]
[Black "Gerusel Mathias (GER)"]
[Result "1-0"]
[WhiteElo "2370"]
[BlackElo "2380"]

1.d4 Nf6 2.c4 e6 3.Nf3 c5 4.d5 exd5 5.cxd5 d6 6.Nc3 g6 7.e4 Bg7 8.Be2 O-O
9.O-O Re8 10.Nd2 b6 11.f3 Na6 12.Bb5 Rf8 13.Nc4 Nc7 14.Bf4 Nfe8 15.Bxe8 Nxe8
16.Nb5 Ba6 17.a4 Bxb5 18.axb5 a5 19.Kh1 Rb8 20.Qe1 g5 21.Bg3 Qd7 22.Rd1 f6
23.b3 Rf7 24.f4 gxf4 25.Bxf4 Bf8 26.Rd3 Qxb5 27.Rg3+ Rg7 28.Bh6 Rg6 29.Bxf8
Kxf8 30.e5 dxe5 31.Qxe5 Rb7 32.Re3 Rf7 33.Qb8 Rgg7 34.h3 Re7 35.Rxf6+ Rgf7
36.Rxf7+ Rxf7 37.Qe5 Ng7 38.Qb8+ Ne8 39.Qe5 Ng7 40.d6 a4 41.Qd5 axb3 42.Ne5
Qf1+ 43.Kh2 Qf4+ 44.Rg3 b2 45.d7 Rxd7 46.Nxd7+ Ke7 47.Ne5 Qxg3+ 48.Kxg3 b1=Q
49.Qf7+ Kd6 50.Nc4+ Kc6 51.Qf6+ Kb7 52.Qxg7+ Ka6 53.Qc3 Qd1 54.Kf2 Qd8 55.Ne3
Qf8+ 56.Ke2 b5 57.g4 Qd6 58.Kf3 c4 59.Ke4 Qg6+ 60.Nf5 Qc6+ 61.Ke5 Qc5+ 62.Ke4
b4 63.Qa1+ Kb5 64.Nd4+ Kb6 65.Qa8 Qe7+ 66.Kd5 Qf7+ 67.Ke5 Qg7+ 68.Ke4 Qe7+
69.Kf3 Kc5 70.Nf5 Qe1 71.Qa5+ Kc6 72.Qa6+ Kc5 73.Qd6+ Kb5 74.Nd4+ Ka5 75.Qc5+
Ka6 76.Qb5+ {#r} 1-0

[Event "Ch Russia"]
[Site "masterchessopen.com - Vladimir (Russia)"]
[Round "0"]
[White "Zarubin Pavel (RUS)"]
[Black "Dvoirys Semen I (RUS)"]
[Result "1-0"]
[WhiteElo "2460"]
[BlackElo "2450"]

1.d4 Nf6 2.c4 c5 3.d5 e6 4.Nc3 exd5 5.cxd5 d6 6.e4 g6 7.Be2 Bg7 8.Nf3 O-O
9.O-O Re8 10.Nd2 Nbd7 11.a4 a6 12.Ra3 Rb8 13.a5 Ne5 14.Qc2 g5 15.Re1 h6 16.Nf1
c4 17.Nd1 Bd7 18.Ng3 Bb5 19.Nc3 Bd7 20.Be3 Rc8 21.Qd2 Ng6 22.f3 Qe7 23.Na4 Nf4
24.Nb6 Nxe2+ 25.Rxe2 Rc7 26.Bd4 Qf8 27.Rc3 Rd8 28.b3 Ne8 29.Rxc4 Bb5 30.Rxc7
Nxc7 31.Re1 Bd7 32.Nh5 f6 33.Qb2 Ne8 34.g4 Bb5 35.Kg2 Qe7 36.h4 gxh4 37.Qf2
Qc7 38.Qd2 Qe7 39.Rh1 Nc7 40.Qf4 Ne8 41.Rxh4 f5 42.Nxg7 Qxh4 43.Nxf5 Qe1
44.Ne7+ Kh7 45.Qf7+ {#r} 1-0

[Event "It (cat.7)"]
[Site "masterchessopen.com - Vrnjacka Banja (Serbia)"]
[Round "0"]
[White "Rajkovic Dusan (SRB)"]
[Black "Karlsson Lars (SWE)"]
[Result "0-1"]
[WhiteElo "2470"]
[BlackElo "2460"]

1.d4 Nf6 2.c4 e6 3.Nf3 c5 4.d5 exd5 5.cxd5 d6 6.Nc3 g6 7.e4 Bg7 8.Be2 O-O
9.O-O Re8 10.Nd2 Nbd7 11.a4 Ne5 12.Ra3 g5 13.Nf3 Nxf3+ 14.Bxf3 h6 15.h3 Qe7
16.Ne2 g4 17.hxg4 Nxg4 18.Ng3 h5 19.Bf4 Qh4 20.Bxg4 Bxg4 21.Qd2 Qf6 22.f3 h4
23.e5 Qg6 24.Ne4 Bxe5 25.Nxc5 Bf5 26.Nxb7 Rac8 27.Rc3 Bxc3 28.bxc3 Bd3 29.Re1
Rxe1+ 30.Qxe1 h3 31.g3 Rb8 32.Qe7 Ba6 33.Nxd6 Rb1+ 34.Kh2 Rb2+ 35.Kxh3 Qh5+
36.Qh4 Bf1# 0-1

[Event "?"]
[Site "masterchessopen.com - Zrenjanin (Yugoslavia)"]
[Round "0"]
[White "Vaisman Volodia (FRA)"]
[Black "Velickovic Sasa (SRB)"]
[Result "0-1"]
[WhiteElo "2358"]
[BlackElo "2410"]

1.d4 Nf6 2.c4 c5 3.d5 g6 4.Nc3 d6 5.e4 Bg7 6.Nf3 O-O 7.Be2 e6 8.O-O exd5
9.cxd5 Re8 10.Nd2 Nbd7 11.a4 Ne5 12.Ra3 g5 13.Qc2 a6 14.a5 Rb8 15.Nf3 Nxf3+
16.Bxf3 Ng4 17.Bxg4 Bxg4 18.Na4 Qxa5 19.Bxg5 Bh5 20.Rg3 Bg6 21.Nc3 b5 22.f3 c4
23.Nd1 Rbc8 24.h4 Kh8 25.Ne3 Qa2 26.h5 Qxb2 27.hxg6 fxg6 28.Rh3 Qxc2 29.Nxc2
a5 30.Kf2 b4 31.Rfh1 b3 32.Ne3 h5 33.g4 Re5 34.Bf4 c3 35.Ke2 c2 36.Kd2 Ree8
37.gxh5 g5 38.Bxd6 Bb2 39.Kd3 c1=Q 40.Rxc1 Bxc1 41.Nd1 a4 42.e5 a3 43.e6 b2
44.Be5+ Kh7 45.Nxb2 Bxb2 46.Bd4 Red8 {#R} 0-1

[Event "Memorial Elekes (a)"]
[Site "masterchessopen.com - Budapest (Hungary)"]
[Round "0"]
[White "Szilagyi Peter (HUN)"]
[Black "Henley Ron W (USA)"]
[Result "0-1"]
[WhiteElo "2373"]
[BlackElo "2440"]

1.d4 Nf6 2.c4 c5 3.d5 e6 4.Nc3 exd5 5.cxd5 d6 6.e4 g6 7.Nf3 Bg7 8.Be2 O-O
9.O-O Re8 10.Nd2 a6 11.a4 Nbd7 12.Qc2 Ne5 13.Ra3 g5 14.Re1 g4 15.Nd1 Ng6
16.Ne3 b6 17.Bf1 Rb8 18.Rd1 b5 19.axb5 axb5 20.b4 Qe7 21.bxc5 dxc5 22.Rb3 Bd7
23.Nf5 Bxf5 24.exf5 Nf4 25.Rxb5 Rxb5 26.Bxb5 Ne2+ 27.Kf1 Nd4 28.Qd3 Nxb5
29.Qxb5 Nxd5 30.Nb1 Bd4 31.Bd2 Kg7 32.Bg5 Qxg5 33.Qxe8 Qxf5 34.Kg1 Qxf2+
35.Kh1 Ne3 36.Qe4 h5 37.Rc1 Nf1 {#R} 0-1